Estadísticas para Prueba de Papúa Nueva Guinea

Haz click aquí para tomar la prueba!

Estadísticas generales

  • Esta prueba ha sido tomada 323 veces
  • La puntuación promedio es 8 de 17

Estadísticas de respuestas

PistaRespuesta% Correcto
El único país que limita con PNGIndonesia
97%
País del que PNG obtuvo su independencia en 1975Australia
89%
CapitalPort Moresby
76%
PNG tiene 851 ______, más que cualquier otro paísLenguas nativas
64%
El sector más grande de la economíaAgricultura
59%
El país que colonizó la mitad norte de PNG de 1884 a 1919Alemania
58%
El deporte más popularRugby
55%
Subregión de Oceanía de la que PNG forma parte{Mela}nesia
52%
"ismo" que una vez fue extendido, y todavía persiste entre algunas tribus remotas{Canibal}ismo
47%
Nombra uno de los tres mares principales que tocan PNGMar del Coral | Mar de Bismarck |
Mar de Salomón
44%
La constelación que aparece en la banderaCruz del Sur
41%
El tipo de ave que aparece en la banderaParadisaea raggiana
30%
Con 25 cm de ancho, Ornithoptera alexandrae es el tipo de _______ más grande que se encuentra en el mundo.Mariposa
29%
Región que votó abrumadoramente a favor de la independencia en 2019
(nota: los resultados no son vinculantes)
Bougainville
24%
El estrecho oceánico que separa a PNG de ese paísEstrecho de {Torres}
21%
La segunda isla más grandeNueva Bretaña
17%
La montaña más altaMonte Wilhelm
16%

Distribución de puntuación

Porcentaje por número respondido

Porcentaje de gente con cada puntuación

Historial de tus puntuaciones

No has tomado esta prueba